Quiz o Fryderyku Chopinie - Statystyki

Ogólne statystyki
  • Ten quiz został rozwiązany 46 razy
  • Średni wynik to 9 z 17
Statystyki odpowiedzi
Wskazówka Odpowiedź % Poprawnych
Państwo w którym mieszkał od 1831 roku Francja
94%
Miejsce urodzenia Żelazowa Wola
91%
Główny instrument muzyczny Chopina Fortepian
84%
Epoka Romantyzm
78%
Rok urodzenia 1810
75%
Organ Chopina który miał po śmierci wrócić do Warszawy Serce
66%
Przyczyna zgonu Gruźlica
59%
Rok śmierci 1849
50%
Etiuda podobno powstała po upadku powstania listopadowego Etiuda {Rewolucyjna}
47%
Fryderyk Chopin skomponował 57...? Mazurków
44%
Imiona rodziców Tekla
41%
Imiona rodziców Mikołaj
38%
Drugie imię Franciszek
28%
Miejsce gdzie znajduję się najsławniejszy pomnik Chopina Łazienki Królewskie
25%
Przyjaciel jego ojca gdzie uczył się grać Wojciech Żywny
25%
Narzeczona Fryderyka Chopina Maria Wodzińska
22%
Szkoła w której studiował Szkoła {Główna Muzyki}
9%
Nie znaleziono quizów pasujących do podanych kryteriów
Rozkład punktacji
Procent ludzi z każdym wynikiem
Percentyl według liczby udzielonych odpowiedzi
Twoja historia wyników
Nie rozwiązałeś tego quizu